[Event "KEN-ch"]
[Site "Nairobi"]
[Date "2022.12.27"]
[Round "4"]
[White "Kamau, Kelvin Ngigi"]
[Black "Kagambi, Lawrence"]
[Result "0-1"]
[WhiteElo "1509"]
[BlackElo "1758"]
[PlyCount "66"]
[EventDate "2022.12.26"]
[EventType "swiss"]
[EventRounds "9"]
[EventCountry "KEN"]
[SourceTitle "EXT 2024"]
[Source "ChessBase"]
[SourceDate "2023.10.10"]
[SourceVersion "1"]
[SourceVersionDate "2023.10.10"]
[SourceQuality "1"]

1. d4 Nf6 2. Nf3 d5 3. e3 Bg4 4. Be2 e6 5. a3 c5 6. dxc5 Bxc5 7. b4 Bd6 8. Bb2 Nbd7 9. Nbd2 Rc8 10. 0-0 0-0 11. Rc1 Bf5 12. Nh4 Be4 13. Bd3 Ne5 14. Nxe4 dxe4 15. Be2 g5 16. f4 exf3 17. Nxf3 Nfg4 18. Qd4 Nxf3+ 19. Bxf3 Bxh2+ 20. Kh1 Be5 21. Qxd8 Rfxd8 22. Bxe5 Nxe5 23. Bxb7 Rc3 24. e4 Rd2 25. Rfd1 Rxd1+ 26. Rxd1 Rxc2 27. Rd8+ Kg7 28. Ra8 g4 29. Kh2 g3+ 30. Kg1 Ra2 31. Ba6 Ng4 32. Rg8+ Kf6 33. Bf1 Ra1 0-1

[Event "KEN-ch"]
[Site "Nairobi"]
[Date "2021.12.27"]
[Round "3"]
[White "Mwangi, Brian Gabriel"]
[Black "Kagambi, Lawrence"]
[Result "0-1"]
[WhiteElo "1373"]
[BlackElo "1826"]
[PlyCount "48"]
[EventDate "2021.12.26"]
[EventType "swiss"]
[EventRounds "9"]
[EventCountry "KEN"]
[SourceTitle "EXT 2023"]
[Source "ChessBase"]
[SourceDate "2022.10.05"]
[SourceVersion "1"]
[SourceVersionDate "2022.10.05"]
[SourceQuality "1"]

1. d4 Nf6 2. c4 g6 3. Nc3 d5 4. Bg5 c6 5. Bxf6 exf6 6. cxd5 cxd5 7. Qb3 Nc6 8. Qxd5 Qb6 9. 0-0-0 Bb4 10. e4 0-0 11. Qb5 Qc7 12. Nd5 Qd6 13. Nxb4 Nxb4 14. a3 Qf4+ 15. Rd2 Na2+ 16. Kc2 Qxe4+ 17. Qd3 Qe1 18. Rd1 Qxf2+ 19. Qd2 Qf5+ 20. Qd3 Qd5 21. Qc4 Bf5+ 22. Kb3 Bc2+ 23. Kxa2 Qxc4+ 24. Bxc4 Bxd1 0-1

[Event "KEN-chT"]
[Site "Nairobi"]
[Date "2019.07.21"]
[Round "23.1"]
[White "Nguku Namale, Ben"]
[Black "Kagambi, Lawrence"]
[Result "0-1"]
[WhiteElo "2049"]
[BlackElo "1793"]
[PlyCount "86"]
[EventDate "2019.02.09"]
[EventType "team-tourn"]
[EventRounds "27"]
[EventCountry "KEN"]
[SourceTitle "CBM 192 Extra"]
[Source "Chessbase"]
[SourceDate "2019.11.06"]
[SourceVersion "1"]
[SourceVersionDate "2019.11.06"]
[SourceQuality "1"]
[WhiteTeam "KCB Bank"]
[BlackTeam "Nairobi Gymkhana"]
[WhiteTeamCountry "KEN"]
[BlackTeamCountry "KEN"]

1. d4 e6 2. Nf3 d5 3. e3 Nf6 4. Bd3 Bd6 5. 0-0 Nbd7 6. b3 c5 7. Bb2 0-0 8. Nbd2 cxd4 9. exd4 Re8 10. Ne5 Qc7 11. f4 Nf8 12. Rc1 Ng6 13. c4 b6 14. cxd5 Qb7 15. dxe6 Rxe6 16. Ndc4 b5 17. Nxd6 Rxd6 18. Qe2 a6 19. Rc2 Ne7 20. Rfc1 Ned5 21. Qd2 Bd7 22. h3 Re8 23. Kh2 h5 24. Re1 Ne7 25. Qb4 Re6 26. Nxd7 Qxd7 27. Rxe6 Qxe6 28. Re2 Nfd5 29. Qd2 Qd6 30. Re5 f6 31. Rxh5 Nxf4 32. Ba3 Qb8 33. Bh7+ Kh8 34. Rc5 Ne6+ 35. Kg1 Nxc5 36. Bc2 Ne6 37. Qe2 Nf4 38. Qg4 g5 39. g3 Nfg6 40. d5 Qe5 41. d6 Qe1+ 42. Kg2 Qd2+ 43. Kf1 Qxc2 0-1

[Event "KEN-chT"]
[Site "Nairobi"]
[Date "2019.06.23"]
[Round "20.1"]
[White "Kagambi, Lawrence"]
[Black "Njuki, Gabriel"]
[Result "0-1"]
[WhiteElo "1793"]
[BlackElo "1680"]
[PlyCount "123"]
[EventDate "2019.02.09"]
[EventType "team-tourn"]
[EventRounds "27"]
[EventCountry "KEN"]
[SourceTitle "CBM 192 Extra"]
[Source "Chessbase"]
[SourceDate "2019.11.06"]
[SourceVersion "1"]
[SourceVersionDate "2019.11.06"]
[SourceQuality "1"]
[WhiteTeam "Nairobi Gymkhana"]
[BlackTeam "Nairobi Univ"]
[WhiteTeamCountry "KEN"]
[BlackTeamCountry "KEN"]

1. e4 c5 2. Nf3 d6 3. d4 cxd4 4. Nxd4 Nf6 5. Nc3 g6 6. Be2 Bg7 7. Be3 Nc6 8. f3 Bd7 9. Qd2 0-0 10. 0-0-0 Rc8 11. Kb1 Ne5 12. Bh6 Nc4 13. Bxc4 Rxc4 14. g4 Nxe4 15. Nxe4 Rxd4 16. Qe3 Qb6 17. Rxd4 Bxd4 18. Qc1 Rc8 19. h4 f5 20. gxf5 Bxf5 21. Rh2 Rc4 22. Ka1 d5 23. c3 dxe4 24. fxe4 Be6 25. h5 Bf7 26. hxg6 Qxg6 27. Qf1 Bg7 28. Bxg7 Rxe4 29. Bd4 Qe6 30. Rg2+ Kf8 31. Bg7+ Ke8 32. Qb5+ Qd7 33. Qxd7+ Kxd7 34. b3 h5 35. Bd4 a6 36. Kb2 h4 37. Kc2 h3 38. Rh2 Be6 39. Kd2 Bg4 40. Be3 Kd6 41. Kd3 Kd5 42. c4+ Ke5 43. Rf2 Bf5 44. Kd2 Rh4 45. Bb6 Ke4 46. Bc7 Rg4 47. Bh2 Rg2 48. Rxg2 hxg2 49. Kc3 e5 50. b4 Be6 51. a4 Kf3 52. b5 axb5 53. cxb5 Ke2 54. a5 Bh3 55. Bg1 Bc8 56. Bc5 e4 57. Bg1 Kf1 58. Be3 Bd7 59. Kd4 g1Q 60. Bxg1 Kxg1 61. Kxe4 Bxb5 62. Kd4 0-1

[Event "KEN-chT"]
[Site "Nairobi"]
[Date "2019.03.23"]
[Round "6.1"]
[White "Hinga, Githinji"]
[Black "Kagambi, Lawrence"]
[Result "1-0"]
[WhiteElo "2029"]
[BlackElo "1793"]
[PlyCount "55"]
[EventDate "2019.02.09"]
[EventType "team-tourn"]
[EventRounds "27"]
[EventCountry "KEN"]
[SourceTitle "CBM 192 Extra"]
[Source "Chessbase"]
[SourceDate "2019.11.06"]
[SourceVersion "1"]
[SourceVersionDate "2019.11.06"]
[SourceQuality "1"]
[WhiteTeam "Deadly Bishops"]
[BlackTeam "Nairobi Gymkhana"]
[WhiteTeamCountry "KEN"]
[BlackTeamCountry "KEN"]

1. e4 c5 2. Nf3 d6 3. d4 cxd4 4. Nxd4 Nf6 5. Nc3 a6 6. Be2 e6 7. Be3 Be7 8. 0-0 0-0 9. f3 Bd7 10. Qd2 Nc6 11. Rfd1 Qc7 12. Qe1 Rac8 13. Rd2 Rfd8 14. Rad1 Ne5 15. Qf2 Nc4 16. Bxc4 Qxc4 17. Nb3 Be8 18. a3 Nd7 19. f4 Qc7 20. f5 b5 21. Nd4 Nf8 22. Qg3 Bf6 23. Nf3 Bc6 24. Rxd6 Rxd6 25. Rxd6 exf5 26. exf5 Bxf3 27. gxf3 Rd8 28. Ne4 1-0

[Event "Nairobi Satellite op-A"]
[Site "Nairobi"]
[Date "2015.05.02"]
[Round "5"]
[White "Ahmed, Mowlid"]
[Black "Kagambi, Lawrence"]
[Result "0-1"]
[WhiteElo "2033"]
[BlackElo "1649"]
[PlyCount "82"]
[EventDate "2015.04.30"]
[EventType "swiss"]
[EventRounds "8"]
[EventCountry "KEN"]
[SourceTitle "CBM 166 Extra"]
[Source "ChessBase"]
[SourceDate "2015.06.18"]
[SourceVersion "1"]
[SourceVersionDate "2015.06.18"]
[SourceQuality "1"]

1. d4 Nf6 2. c4 d5 3. cxd5 Nxd5 4. e4 Nf6 5. Nc3 c6 6. Bc4 e6 7. a3 Be7 8. Nf3 Nbd7 9. 0-0 0-0 10. Bd3 Re8 11. Qc2 h6 12. e5 Nd5 13. Nxd5 cxd5 14. Qe2 Nf8 15. Be3 Nh7 16. Qc2 Ng5 17. Nxg5 Bxg5 18. f4 Be7 19. Rf2 f5 20. exf6 Bxf6 21. Qe2 Bd7 22. Rd1 Rc8 23. Qh5 Ba4 24. Re1 Qb6 25. Rd2 Bxd4 26. Bh7+ Kxh7 27. Bxd4 Qc7 28. Qg4 Qf7 29. Rde2 Bc2 30. Bxa7 Rc4 31. Qg3 Bf5 32. b3 Rc6 33. Bd4 Rec8 34. h3 Be4 35. Kh2 Rc1 36. Rxc1 Rxc1 37. Be5 Rd1 38. a4 Rd3 39. Qe1 Rxb3 40. Re3 Qg6 41. Rxb3 Qxg2# 0-1

[Event "Nairobi Satellite op-A"]
[Site "Nairobi"]
[Date "2015.05.01"]
[Round "4"]
[White "Kagambi, Lawrence"]
[Black "Magana, Ben"]
[Result "1-0"]
[WhiteElo "1649"]
[BlackElo "2116"]
[PlyCount "111"]
[EventDate "2015.04.30"]
[EventType "swiss"]
[EventRounds "8"]
[EventCountry "KEN"]
[SourceTitle "CBM 166 Extra"]
[Source "ChessBase"]
[SourceDate "2015.06.18"]
[SourceVersion "1"]
[SourceVersionDate "2015.06.18"]
[SourceQuality "1"]

1. e4 Nc6 2. d4 e5 3. d5 Nce7 4. Nf3 Ng6 5. Be2 Bc5 6. 0-0 a6 7. Bg5 Nf6 8. h4 h6 9. h5 Nf8 10. Be3 Bxe3 11. fxe3 d6 12. Nbd2 N8h7 13. Qe1 0-0 14. Nh4 Ng5 15. Nf5 Nfxe4 16. Nxe4 Nxe4 17. Bd3 Ng5 18. Qg3 Re8 19. e4 Bxf5 20. Rxf5 Rc8 21. Raf1 Rf8 22. Qf2 c6 23. c3 Qa5 24. dxc6 Rxc6 25. Bb1 Qc5 26. Rd1 f6 27. a3 Kf7 28. Qxc5 Rxc5 29. Rxd6 Ke7 30. Rd1 Rc4 31. Re1 Rd8 32. Rf2 a5 33. Rfe2 b5 34. Kf2 b4 35. axb4 axb4 36. Ba2 Rc5 37. cxb4 Rb5 38. Rc1 Rxb4 39. Rc7+ Rd7 40. Rxd7+ Kxd7 41. Bd5 Kd6 42. Rd2 Kc5 43. Ke3 Ra4 44. Rc2+ Kd6 45. Rc6+ Kd7 46. Rb6 Ra7 47. Kd3 Rc7 48. b4 Ke7 49. b5 Nf7 50. Re6+ Kd7 51. Ra6 Nd8 52. b6 Rc8 53. Ra7+ Kd6 54. Rxg7 Rb8 55. Rg6 Rxb6 56. Rxf6+ 1-0